Del renacimiento a la ilustración II

Bewaard in:
Bibliografische gegevens
Hoofdauteur: Echeverría, Javier (Auteur)
Formaat: Boek
Taal:Spaans
Gepubliceerd in: Madrid Trotta 2000
Madrid Consejo Superior de Investigaciones Científicas 2000
Editie:1a. ed
Reeks:Enciclopedia Iberoamericana de Filosofía, 21
Onderwerpen:
Tags: Voeg label toe
Geen labels, Wees de eerste die dit record labelt!

MARC

LEADER 00000cam a2200000 a 4500
001 UCE8493
003 CL-VaPUC
008 150806e20000000sp |||||||||||||||||spa|d
020 |a 9788481643815 
082 0 4 |a 190  |b ECH  |2 21 
100 0 |a Echeverría, Javier  |e author  |9 581192 
245 1 0 |a Del renacimiento a la ilustración II 
250 |a 1a. ed 
300 |a 308 p 
942 |c BK 
945 |d 20150806 12:27:00  |a gsalatino 
260 |a Madrid  |b Trotta  |c 2000 
260 |a Madrid  |b Consejo Superior de Investigaciones Científicas  |c 2000 
650 0 |a Filosofía renacentista   |9 268121 
650 0 |a Filosofía moderna  |9 258121 
650 0 |a Crítica e interpretación   |9 255042 
583 |a last modification  |c 20150806 12:27:00  |k Rodrigo Vera 
490 0 |a Enciclopedia Iberoamericana de Filosofía, 21 
999 |c 360338  |d 360336 
952 |0 0  |1 0  |3 erb  |4 0  |6 190_000000000000000_ECH_2000_2000  |7 0  |8 A  |9 470065  |a BIBEDU  |b BIBEDU  |i 5192935  |l 1  |o 190 ECH 2000 2000  |p 5192935  |r 2023-07-07  |s 2023-07-07  |w 2019-11-23  |y BK  |z Catalogado en:20150806  |k FIL